| 000 | 01337nam a2200253Ia 4500 | ||
|---|---|---|---|
| 003 | Ost | ||
| 005 | 20260507075742.0 | ||
| 008 | 260507s9999||||xx |||||||||||||| ||und|| | ||
| 020 | _a6615890977 | ||
| 040 | _cfsecg | ||
| 041 | _aara | ||
| 082 | _a330 | ||
| 100 |
_aدعبس، محمد يسري ابراهيم _eمؤلف |
||
| 245 | 0 |
_aالعولمة السياحية و واقع الدول المتقدمة والدول النامية / _c محمد يسري ابراهيم دعبس |
|
| 260 |
_aالإسكندرية: _bالملتقى المصري للإبداع والتنمية, _c2002 |
||
| 300 |
_a197 صفحة؛ _bإيضاحات ؛ _c24 سم |
||
| 490 |
_aسلسلة الدراسات السياحية والمتحفية _v11 |
||
| 520 | _aالمفاهيم والتصورات والإتجاهات النظرية حول السياحة والسائح والجات- العولمة وقضاياها- حركة السياحة الدولية في ضوء الدول المتقدمة والدول النامية- السياحة واتفاقية التجارة في ضوء واقع الدول المتقدمة والدول النامية دراسة حلة مص | ||
| 653 | _aالخدمات السياحية | ||
| 653 | _aالسياحة | ||
| 653 | _aالصناعة السياحية | ||
| 653 | _aالعولمة | ||
| 942 | _cكتاب | ||
| 999 |
_c46148 _d46148 |
||